| 000 | 01408nam a22003497a 4500 | ||
|---|---|---|---|
| 003 | DO-SdBPM | ||
| 005 | 20250819142140.0 | ||
| 007 | ta | ||
| 008 | 151116b1980 sp |||| 00| 0 spa d | ||
| 020 | _a8439280076 | ||
| 040 |
_aDO-SdBPM _bspa _cBNMSU _erda |
||
| 082 | 4 |
_a843.47 _bP454c 1980 _222 |
|
| 100 | 1 |
_aPerrault, Charles, _d1628-1703. _eautor _968 |
|
| 245 | 1 | 0 |
_aCuentos de antaño / _cCharles Perrault ; ilustraciones de Gustave Doré ; traducción, introducción y notas de Joëlle Eyheramonno y Emilio Pascual. |
| 264 |
_aMadrid : _bEdiciones Gaviota, _c1980 |
||
| 300 |
_axxiii, 292 páginas : _b ilustraciones, retrato ; _c19 cm. |
||
| 336 |
_atexto _btxt _2rdacontent |
||
| 337 |
_asin mediación _bn _2rdamedia |
||
| 338 |
_avolumen _bnc _2rdacarrier |
||
| 490 | 0 | _aTrébol | |
| 534 |
_pTítulo original. : _t$tHistories ou contes du temps passé, avec des moralités - Griselidis nouvelle avec le conte de peau d'Asne, et celui des souhaits ridicules. |
||
| 590 | _aInventariado, 2025/VM | ||
| 650 | 7 | _aCuentos infantiles franceses | |
| 650 | 7 | _a Poesía infantil francesa. | |
| 650 | 7 |
_aPríncipes _vCuentos infantiles. |
|
| 650 | 7 |
_aAbuelos _vCuentos infantiles. |
|
| 700 | 1 |
_aEyheramonno, Joëlle. _etraductor |
|
| 700 | 1 |
_aPascual, Emilio, _etraductor |
|
| 700 | 1 |
_aDoré, Gustave, _eilustraciones |
|
| 910 | _aVMateo V. Control de calidad. BPMSU | ||
| 942 |
_2ddc _cBK |
||
| 999 |
_c8730 _d8730 |
||